Statistics for Cities on the Indian Ocean by a Clue

Click here to take the quiz!

General Stats

  • This quiz has been taken 90 times
  • The average score is 16 of 20

Answer Stats

HintCity% Correct
Home to world's tallest buildingDubai
100%
Setting of "Slumdog Millionaire"Mumbai
96%
Soon will replace the above as the site of world's tallest buildingJeddah
89%
Easternmost country capital on the mainland AfricaMogadishu
89%
Sri Jayawardenepura Kotte replaced it as nation's official capitalColombo
88%
Will host the final match of the 2022 FIFA World CupDoha
87%
Formerly called "Rangoon"Yangon
87%
Southern terminus of a canal between the Mediterranean and Red SeasSuez
87%
Gives its name to a gulf between Yemen and SomaliaAden
86%
Located along the western edge of the Indus River DeltaKarachi
83%
Easternmost capital of AfricaVictoria
81%
Kenya's most important portMombasa
81%
Major tourist center in Thailand's largest islandPhuket
81%
Most populous city in the South African province of KwaZulu-NatalDurban
80%
Home the UNESCO World Heritage Site of Stone TownZanzibar
77%
Main city on the island of BaliDenpasar
73%
Largest city in the Indian state of Goa, named for a Portuguese explorerVasco da Gama
71%
Capital that was officially named "Lourenço Marques" until 1976Maputo
65%
World capital whose has the namesake of a type of grapeMuscat
64%
Considered the world's most isolated major cityPerth
53%

Score Distribution

Percentile by Number Answered

Percent of People with Each Score

Your Score History

You have not taken this quiz